[Event "Emanuel Lasker Open 2017"]
[Site "Gorzow"]
[Date "2017.06.15"]
[Round "4"]
[White "Simantsev, Mikhail"]
[Black "Goluch, Piotr"]
[Result "1-0"]
[WhiteElo "2486"]
[BlackElo "2252"]
[Annotator "TA"]
[PlyCount "131"]
[EventDate "2017.??.??"]
[EventType "swiss"]
[EventCountry "POL"]
[SourceTitle "playchess.com"]
[Source "ChessBase"]
[SourceQuality "1"]

{[%evp 22,131,65,55,55,41,79,42,59,57,46,46,50,43,43,37,39,40,47,46,64,54,72,29,122,36,37,37,35,38,40,37,39,37,44,31,31,23,31,0,42,0,38,31,50,51,51,0,158,42,75,72,76,76,87,77,78,8,87,78,73,0,0,0,50,24,106,0,31,24,60,13,13,17,311,383,372,368,313,299,297,279,420,389,586,445,605,557,887,0,597,579,510,452,29969,29971,29969,29972,29970,29973,29973,29974,29974,29975,29975,29976,29975,29976,29975,29975,29980,29980]} 1. d4 Nf6 2. Nf3 g6 3. c4 Bg7 4. Nc3 O-O 5. e4 d6 6. h3 c5 7. d5 e6 8. Bd3 exd5 9. exd5 Re8+ 10. Be3 Nh5 11. O-O f5 12. Qd2 Nd7 {E90: King's Indian: Classical: Early deviations and 6 h3} 13. Rfe1 Ndf6 14. Bh6 Bd7 {White is slightly better.} 15. Rxe8+ Qxe8 16. Re1 Qf8 17. Bxg7 Nxg7 18. a3 Re8 19. b4 Rxe1+ $146 ({Predecessor:} 19... b6) 20. Qxe1 Qe8 21. Qb1 {bxc5 is the strong threat.} b6 22. Qb2 Ne4 (22... Ngh5 $11) 23. Qc2 (23. Bxe4 $1 $16 fxe4 24. Ng5) 23... Nxc3 24. Qxc3 Qe7 25. bxc5 dxc5 26. Ne5 Ne8 27. f4 Nd6 28. g3 Ba4 29. Kg2 Qf6 30. Bc2 Be8 31. Bd3 h6 32. Qc1 (32. a4 $5) 32... Kh7 33. Qe3 Qe7 34. g4 (34. h4 $14) 34... Qf6 $2 ({Better is} 34... fxg4 $11 35. hxg4 Kg7) 35. Kg3 ({White should play} 35. gxf5 $16 Nxf5 36. Bxf5 Qxf5 37. Ng4) 35... Kg7 36. h4 Qe7 37. g5 h5 38. Qe1 Kh7 39. Qc3 (39. Be2 $16) 39... Ba4 (39... b5 $11) 40. Kf2 b5 41. Ke3 (41. Nc6 $16 Qg7 42. Qxg7+ Kxg7 43. cxb5) 41... bxc4 $11 42. Bxc4 Be8 (42... Qb7 $5 {[%cal Rb7b1]}) 43. Bd3 (43. Be2 $5 {[%cal Rc3c5]}) 43... Nc8 {[#]} (43... Qc7 $1 $11 {keeps the balance.}) 44. Bc4 (44. Be2 $1 $16) 44... Nb6 45. Kf2 $36 {[%mdl 2048] White has good play.} Qd6 46. Ba2 Bb5 47. Qe3 {Threatening Nf7.} Nxd5 $2 {[%mdl 8192]} (47... c4 $11 {and Black stays safe.}) 48. Qb3 $18 Bc6 49. Nxc6 Qxf4+ 50. Ke2 Qe4+ 51. Kd2 Qg2+ (51... Qf4+ $142 52. Kd1 Qf1+ 53. Kc2 Qf2+ 54. Kb1 Qe1+ 55. Kb2 Qd2+ 56. Qc2 Qxc2+ 57. Kxc2 Ne3+ 58. Kd3 Nd1 59. Nxa7 Nf2+ 60. Ke3 Nd1+ 61. Kf4 Kg7) 52. Kc1 {[#] Black must now prevent Qb7+.} Qg1+ (52... Qf1+ {was called for.} 53. Kb2 Qe2+ 54. Ka1 Qe1+ 55. Bb1 Qc3+ 56. Qxc3 Nxc3 57. Nxa7 f4) 53. Kb2 {White wants to mate with Qb7+.} Qh2+ 54. Ka1 Qh1+ 55. Kb2 {Qb7+ would kill now.} Qh2+ $1 56. Qc2 Qd6 57. Qd2 Qxc6 (57... c4 $18 58. Bxc4 Nb6) 58. Qxd5 {[%csl Ga2][%cal Rd5g8] White mates.} Qb5+ 59. Kc3 {[%csl Ga2][%cal Rd5g8]} Qa5+ 60. Kc2 {[%csl Ga2][%cal Rd5g8]} Qa4+ 61. Bb3 {[%csl Gb3][%cal Rd5g8]} Qe8 62. Qf7+ Qxf7 63. Bxf7 Kg7 64. Be8 f4 65. Kd3 Kf8 66. Bxg6 {Precision: White = 37%, Black = 26%.} 1-0

[Event "Emanuel Lasker Open 2017"]
[Site "Gorzow"]
[Date "2017.06.15"]
[Round "4"]
[White "Ivanov, Mikhail M"]
[Black "Aliavdin, Nikolai"]
[Result "1/2-1/2"]
[WhiteElo "2425"]
[BlackElo "2351"]
[Annotator "TA"]
[PlyCount "53"]
[EventDate "2017.??.??"]
[EventType "swiss"]
[EventCountry "POL"]
[SourceTitle "playchess.com"]
[Source "ChessBase"]
[SourceQuality "1"]

{[%evp 9,53,10,24,28,25,22,10,6,22,32,21,4,37,28,31,8,12,-14,8,8,45,-43,-50,-79,-73,-112,-39,-82,-19,-32,-27,-31,10,0,30,31,31,32,40,19,12,19,23,20,20,0]} 1. c4 g6 2. Nc3 Bg7 3. g3 e5 4. Bg2 Nc6 5. b3 (5. e3 d6 6. Nge2 Be6 7. d3 Qd7 8. Nd5 Nd8 9. f4 h5 10. e4 c6 11. Ne3 Ne7 12. d4 exd4 13. Nxd4 f5 14. O-O fxe4 15. Bxe4 Bh3 16. Re1 Nf7 {½-½ (58) Goganov,A (2632)-Movsesian,S (2679) Moscow 2017}) 5... f5 6. Bb2 {A25: English Opening vs King's Indian with ...Nc6 but without early d3} Nf6 7. d3 d6 8. e3 {[%cal Be2e3,Be3e4][%mdl 32]} O-O 9. Nge2 Be6 10. Nd5 Rb8 (10... Bxd5 $5 11. cxd5 Ne7 $11) 11. Qd2 Ne7 {[%cal Re7d5]} 12. e4 c5 $146 ({Predecessor:} 12... Ng4 13. h3 Nf6 14. O-O f4 15. gxf4 Bh6 {1-0 (32) Ermenkov,E (2411)-Pastar,S (2195) Belgrade 2016}) 13. f4 Nc6 14. O-O Nd4 (14... fxe4 {looks sharper.} 15. dxe4 Nd4 16. Rae1 b5 17. fxe5 dxe5 18. Nxd4 cxd4 19. Ba3 Re8) 15. Nec3 (15. exf5 $14 Bxf5 16. Nxd4 exd4 17. Rae1) 15... Bxd5 $15 16. Nxd5 Nxd5 17. cxd5 fxe4 (17... exf4 $17 {Hoping for ...fxe4.} 18. gxf4 fxe4 19. dxe4 Qh4) 18. dxe4 Bh6 (18... exf4 $17 {And now ...f3 would win.} 19. Rxf4 Rxf4 20. gxf4 Qf6) 19. Bxd4 cxd4 20. Rf3 Qe7 21. Bh3 exf4 22. Be6+ ({But not} 22. Qxd4 $2 Bg7 $19) 22... Kh8 {[#] Threatens to win with ...fxg3.} 23. Raf1 g5 24. gxf4 Rxf4 25. Qxd4+ Bg7 26. Qxa7 Rbf8 27. Kg2 {Precision: White = 45%, Black = 40%.} 1/2-1/2

[Event "Emanuel Lasker Open 2017"]
[Site "Gorzow"]
[Date "2017.06.15"]
[Round "4"]
[White "Llaneza Vega, Marcos"]
[Black "Koziak, Vitali"]
[Result "1/2-1/2"]
[WhiteElo "2424"]
[BlackElo "2515"]
[Annotator "TA"]
[PlyCount "29"]
[EventDate "2017.??.??"]
[EventType "swiss"]
[EventCountry "POL"]
[SourceTitle "playchess.com"]
[Source "ChessBase"]
[SourceQuality "1"]

{[%evp 20,21,0,0]} 1. e4 e5 2. Nf3 Nc6 3. Nc3 Nf6 4. Bb5 Bb4 5. O-O O-O 6. d3 d6 7. h3 Ne7 {C49: Four Knights: 4 Bb5 Bb4} (7... Bxc3 8. bxc3 Qe7 9. Re1 {½-½ (9) Saric,I (2637)-Hracek,Z (2619) Sibenik 2012}) 8. Ne2 c6 9. Ba4 Ng6 10. c3 Ba5 11. Ng3 {LiveBook: 14 Games} {Predecessor:} Re8 $146 12. Bc2 d5 13. Be3 Be6 14. Ng5 Bd7 15. Nf3 {½-½ (31) Baltag,I (2387)-Soltanici,R (2401) Kishinev 2017} 1/2-1/2

[Event "Emanuel Lasker Open 2017"]
[Site "Gorzow"]
[Date "2017.06.15"]
[Round "4"]
[White "Tomczak, Mikolaj"]
[Black "Shishkin, Vadim"]
[Result "1/2-1/2"]
[WhiteElo "2391"]
[BlackElo "2454"]
[Annotator "TA"]
[PlyCount "32"]
[EventDate "2017.??.??"]
[EventType "swiss"]
[EventCountry "POL"]
[SourceTitle "playchess.com"]
[Source "ChessBase"]
[SourceQuality "1"]

{[%evp 20,32,25,25,25,21,20,15,30,20,24,25,37,20,23]} 1. Nf3 Nf6 2. c4 g6 3. Nc3 d5 4. cxd5 Nxd5 5. e4 Nxc3 6. dxc3 Qxd1+ 7. Kxd1 f6 8. Be3 e5 9. Nd2 Nd7 {A16: English Opening: 1...Nf6 with ...d5} (9... Be6 10. Bc4 Kf7 11. Kc2 Be7 12. Rad1 Rd8 13. Bxe6+ Kxe6 14. Nc4 Rxd1 15. Rxd1 Nc6 16. a4 a5 17. f4 h5 18. Rf1 exf4 19. Bxf4 {½-½ (33) Topalov,V (2816)-Giri,A (2793) Saint Louis 2015}) 10. Nb3 a5 11. a4 {LiveBook: 4 Games} b6 {White has an edge.} 12. Kc2 Bb7 13. f3 Bc6 14. Bc4 Bd6 15. Rhd1 Ke7 16. Bd5 $146 Bxd5 1/2-1/2

[Event "Emanuel Lasker Open 2017"]
[Site "Gorzow"]
[Date "2017.06.15"]
[Round "4"]
[White "Voloshin, Leonid"]
[Black "Sabuk, Piotr"]
[Result "1/2-1/2"]
[WhiteElo "2389"]
[BlackElo "2368"]
[Annotator "NA"]
[PlyCount "30"]
[EventDate "2017.??.??"]
[EventType "swiss"]
[EventCountry "POL"]
[SourceTitle "playchess.com"]
[Source "ChessBase"]
[SourceQuality "1"]
[TimeControl "40/5400+30:1800+30"]

1. d4 {[%emt 0:00:00]} d5 {[%emt 0:01:17]} 2. c4 {[%emt 0:00:00]} e6 {[%emt 0:00:23]} 3. Nc3 {[%emt 0:00:00]} Be7 {[%emt 0:00:07]} 4. Nf3 {[%emt 0:00:00]} Nf6 {[%emt 0:00:12]} 5. Bg5 {[%emt 0:00:12]} h6 {[%emt 0:00:24]} 6. Bh4 {[%emt 0:02:14]} O-O {[%emt 0:02:04]} 7. e3 {[%emt 0:00:06]} Ne4 {[%emt 0:00:38]} 8. Bxe7 {[%emt 0:00:08]} Qxe7 {[%emt 0:00:13]} 9. Qc2 {[%emt 0:01:03]} Nxc3 {[%emt 0:01:20]} 10. Qxc3 {[%emt 0:00:21]} dxc4 {[%emt 0:01:53]} 11. Bxc4 {[%emt 0:07:07] b} b6 {[%emt 0:02:45]} 12. Be2 {[%emt 0:09:37]} Bb7 {[%emt 0:18:59] LiveBook: 5 Games} 13. O-O {[%emt 0:10:20]} c5 {[%emt 0:06:18]} 14. dxc5 {[%emt 0:08:49]} Rc8 {[%emt 0:01:25]} 15. b4 $11 {[%emt 0:08:10]} bxc5 {[%emt 0:06:14]} 1/2-1/2

[Event "Emanuel Lasker Open 2017"]
[Site "Gorzow"]
[Date "2017.06.15"]
[Round "4"]
[White "Balinski, Damian"]
[Black "Sergeev, Vladimir"]
[Result "0-1"]
[WhiteElo "2171"]
[BlackElo "2446"]
[Annotator "TA"]
[PlyCount "82"]
[EventDate "2017.??.??"]
[EventType "swiss"]
[EventCountry "POL"]
[SourceTitle "playchess.com"]
[Source "ChessBase"]
[SourceQuality "1"]

{[%evp 12,82,7,0,44,33,54,38,58,-4,23,23,23,23,23,23,36,27,29,9,20,0,28,35,14,0,0,0,53,53,56,56,46,55,70,47,93,87,80,90,87,99,92,84,133,72,71,84,93,87,77,77,33,-83,-75,-75,0,0,0,-203,0,0,0,0,0,0,0,0,597,-4133,29999,-29993,-29994]} 1. c4 g6 2. g3 Bg7 3. Bg2 d6 4. Nc3 Nf6 5. d4 O-O 6. e3 e5 7. Nge2 Qe7 {E61: King's Indian: Early deviations for White, including Smyslov System} (7... Re8 8. h3 Nbd7 9. O-O c6 10. b3 exd4 11. exd4 Nf8 12. Be3 h5 13. Qd2 Bf5 14. Bh6 Ne4 15. Bxe4 Bxh6 16. Qxh6 Bxe4 17. Nxe4 Rxe4 {½-½ (36) Dubov,D (2666)-Wen,Y (2611) Moscow 2016}) 8. O-O e4 9. h3 h5 {White is slightly better.} 10. b4 $146 (10. Nf4 $14) ({Predecessor:} 10. Nf4 c6 11. b4 Nbd7 12. Qe2 Re8 13. Ba3 a6 14. Bb2 Nb6 15. c5 {0-1 (39) Flohr,S-Aronin,L Moscow 1951}) 10... Bf5 11. Nf4 Re8 12. a4 Nbd7 {[%cal Bb8d7,Bd7f8,Bf8e6][%mdl 32]} 13. a5 a6 14. Bd2 c6 15. Rb1 Nf8 16. b5 Ne6 17. bxc6 bxc6 18. Rb6 Nxf4 19. exf4 Qc7 (19... Qe6 $11) 20. Qa4 $14 Rec8 21. Be3 d5 22. Rfb1 Qd7 23. Rb7 Qe6 24. cxd5 Nxd5 25. Nxd5 Qxd5 26. Bf1 {aiming for Bc4.} Be6 27. R7b6 Rc7 28. Rxa6 (28. h4 $142) 28... Rxa6 $16 29. Bxa6 {Threatens to win with Bb7.} Ra7 30. Rb6 Bxh3 31. Qxc6 Qxa5 32. Qe8+ (32. Bc4 $14 {stays ahead.} Bf5 33. Kg2) 32... Kh7 $17 33. Rb8 Bf5 ({Much worse is} 33... Rxa6 34. Qg8+ Kh6 35. f5+ g5 36. Bxg5+ $1 {[%mdl 512]} Kxg5 37. Qxg7+ Rg6 38. fxg6 $11) (33... f5 $1 $17 34. Qg8+ Kh6) 34. Bf1 $11 Qe1 35. Qg8+ Kh6 36. Ra8 $1 {[%cal Ra8a7]} Rb7 37. Rb8 $1 {[%cal Rb8b7]} Ra7 38. Ra8 $1 {[%cal Ra8a7]} Rb7 $40 {[%mdl 128] ( -> ...Rb1). Black mounts an attack.} 39. Rb8 $1 {[%cal Rb8b7]} Rc7 $2 {[%mdl 8192] [#]} (39... Rxb8 $11 {and Black stays safe.} 40. Qxb8 Qd1) 40. Rf8 $4 {[%mdl 8192]} (40. g4 $1 $18 {[%mdl 512]} Bxg4 41. f5+ Qxe3 42. fxe3) 40... Bxf8 $4 {[%mdl 8192]} (40... Rc1 $19 41. Bxc1 Bxd4 42. Qh8+ Bxh8 43. Rxh8+ Kg7) 41. Qg7+ $4 {[%mdl 8192]} (41. Qh8#) 41... Bxg7 {Precision: White = 66%, Black = 46%.} 0-1

[Event "Emanuel Lasker Open 2017"]
[Site "Gorzow"]
[Date "2017.06.15"]
[Round "4"]
[White "Kubicka, Anna"]
[Black "Kucza, Karol"]
[Result "0-1"]
[WhiteElo "2168"]
[BlackElo "2278"]
[Annotator "NA"]
[PlyCount "46"]
[EventDate "2017.??.??"]
[EventType "swiss"]
[EventCountry "POL"]
[SourceTitle "playchess.com"]
[Source "ChessBase"]
[SourceQuality "1"]
[TimeControl "40/5400+30:1800+30"]

{[%evp 17,46,0,-6,32767,32767,-41,-46,32767,32767,32767,32767,32767,0,-73,-102,-153,32767,32767,-389,32767,-397,32767,-481,-941,32767,-757,-444,-430,-443,-444,-478]} 1. d4 {[%emt 0:00:00]} d5 {[%emt 0:00:07]} 2. c4 {[%emt 0:00:00]} e6 {[%emt 0:00:07]} 3. Nc3 {[%emt 0:00:04]} c6 {[%emt 0:00:08]} 4. e3 {[%emt 0:00:22]} Nf6 {[%emt 0:00:09]} 5. Nf3 {[%emt 0:00:28]} Nbd7 {[%emt 0:00:09]} 6. Bd3 {[%emt 0:00:23]} dxc4 {[%emt 0:00:09]} 7. Bxc4 {[%emt 0:00:07]} b5 {[%emt 0:00:05]} 8. Bd3 {[%emt 0:00:16]} a6 {[%emt 0:00:09]} 9. O-O {[%emt 0:00:38]} c5 {[%emt 0:00:07] LiveBook: 179 Games} 10. d5 $146 {[%emt 0:01:32] D48: Semi-Slav: Meran System: 7...b5 8 Bd3 a6} ({Predecessor:} 10. a4 b4 11. Ne4 Bb7 12. Nxf6+ Nxf6 13. dxc5 Nd7 14. c6 Bxc6 15. Nd4 Bb7 16. Be2 Bc5 17. Nb3 Be7 18. Bf3 Bxf3 19. Qxf3 O-O 20. Rd1 Ne5 {0-1 (53) Evdokimov,A (2490)-Riazantsev,A (2646) Khanty-Mansiysk 2015}) 10... exd5 {[%emt 0:08:31]} 11. e4 {[%emt 0:06:39]} d4 {[%emt 0:19:36]} 12. Nd5 {[%emt 0:16:44]} Nxd5 {[%emt 0:01:43]} 13. exd5 {[%emt 0:01:56]} Nf6 {[%emt 0:00:04]} 14. Re1+ {[%emt 0:02:06]} Be7 {[%emt 0:01:32]} 15. Qe2 {[%emt 0:01:17]} (15. a4 $11) 15... Ra7 {[%emt 0:09:58]} 16. Ne5 {[%emt 0:24:51]} Qxd5 {[%emt 0:02:12]} 17. Bxb5+ {[%emt 0:09:47]} axb5 {[%emt 0:02:17]} 18. Qxb5+ {[%emt 0:00:03]} Kf8 {[%emt 0:01:32]} 19. Bg5 {[%emt 0:04:44]} h6 {[%emt 0:14:51]} 20. Nc6 {[%emt 0:13:17]} (20. Bxf6 $142 gxf6 21. Qb8) 20... Rb7 {[%emt 0:07:27]} 21. Qa6 {[%emt 0:03:04]} Rc7 {[%emt 0:01:58]} (21... Qxg5 $2 22. Nxe7 Rxe7 23. Qxc8+ Ne8 24. Kf1 $19) 22. Nxe7 {[%emt 0:01:27]} Bxa6 {[%emt 0:00:19]} 23. Nxd5 {[%emt 0:00:09]} Nxd5 $19 {[%emt 0:00:07]} 0-1

[Event "Emanuel Lasker Open 2017"]
[Site "Gorzow"]
[Date "2017.06.15"]
[Round "4"]
[White "Dzhuguryan, Tygran"]
[Black "Janik, Igor"]
[Result "0-1"]
[WhiteElo "2167"]
[BlackElo "2422"]
[Annotator "TA"]
[PlyCount "32"]
[EventDate "2017.??.??"]
[EventType "swiss"]
[EventCountry "POL"]
[SourceTitle "playchess.com"]
[Source "ChessBase"]
[SourceQuality "1"]

{[%evp 13,32,23,47,29,41,31,24,-3,0,-141,-149,-198,-208,-267,-264,-280,-277,-255,-228,-567,-580]} 1. d4 Nf6 2. c4 g6 3. Nc3 Bg7 4. e4 d6 5. Be2 O-O 6. Nf3 Na6 7. Bg5 h6 8. Be3 {E91: King's Indian: Classical: 6 Be2, unusual replies including 6...c5 and 6...Bg4} (8. Bh4 g5 9. Bg3 Nh5 10. Qd2 f5 11. exf5 Bxf5 12. O-O c6 13. Rad1 Qd7 14. d5 Nxg3 15. hxg3 c5 16. Bd3 Nc7 17. Rfe1 {1-0 (54) Ivanov,S (2530)-Nunn,J (2600) Hersonissos 2017}) 8... e5 9. d5 Ng4 10. Bd2 {White has an edge.} f5 11. Qc1 (11. O-O $11 {remains equal.}) 11... Nc5 $146 ({Predecessor:} 11... f4 12. h3 Nf6 13. g4 g5 14. Qc2 c6 15. O-O-O Rb8 16. a3 {0-1 (33) Rodriguez Sorribes,J (1481)-Caro Martinez,R (1694) Santa Eulalia de Roncana 2010}) 12. h3 {[#]} Nxf2 $1 {[%mdl 512]} 13. Kxf2 fxe4 14. Kg1 {Strongly threatening Ne1.} exf3 15. Bxf3 Qh4 16. Be3 $2 {[#]} (16. Qe1 {is tougher.} Qxc4 17. b3) 16... Rxf3 $1 {[%mdl 512]} 0-1

[Event "Emanuel Lasker Open 2017"]
[Site "Gorzow"]
[Date "2017.06.15"]
[Round "4"]
[White "Lukasiewicz, Krzysztof"]
[Black "Gawronski, Miroslaw"]
[Result "1-0"]
[WhiteElo "2098"]
[BlackElo "2071"]
[Annotator "NA"]
[PlyCount "53"]
[EventDate "2017.??.??"]
[EventType "swiss"]
[EventCountry "POL"]
[SourceTitle "playchess.com"]
[Source "ChessBase"]
[SourceQuality "1"]
[TimeControl "40/5400+30:1800+30"]

{[%evp 11,53,59,60,40,41,29,32767,32767,32767,32767,32767,24,32767,32767,32767,32767,32767,0,32767,32767,60,87,32767,32767,32767,32767,32767,32767,709,718,775,787,32767,32767,823,32767,32767,624,32767,613,574,32767,29990,29991]} 1. e4 {[%emt 0:00:13]} d6 {[%emt 0:00:58]} 2. d4 {[%emt 0:00:07]} Nf6 {[%emt 0:00:16]} 3. Nc3 {[%emt 0:00:03]} c6 {[%emt 0:00:19]} 4. Nf3 {[%emt 0:01:02]} Qa5 {[%emt 0:00:41]} 5. Bd2 {[%emt 0:07:39]} Qc7 {[%emt 0:02:06] B07: Pirc Defence: Miscellaneous Systems} 6. Bc4 {[%emt 0:11:38]} b5 {[%emt 0:01:32]} (6... Bg4 7. O-O e5 8. Be3 Be7 9. h3 Bh5 10. a3 Nbd7 11. Re1 g5 12. g4 Bg6 13. Bxg5 {0-1 (38) Volodin,A (2473)-Zhang,Z (2637) Baku 2016}) 7. Bb3 {[%emt 0:01:40]} b4 {[%emt 0:06:21]} 8. Ne2 $146 {[%emt 0:03:21]} ({Predecessor:} 8. Na4 Nxe4 9. Bxb4 d5 10. Ne5 Nd7 11. f4 Ndf6 12. Nc3 Nxc3 13. Bxc3 {0-1 (29) Zapfel,P-Koller,D Schwarzach 2000}) 8... Nxe4 {[%emt 0:02:20]} 9. Bxb4 {[%emt 0:00:06]} a5 {[%emt 0:02:33]} 10. Ba3 {[%emt 0:01:44]} Ba6 {[%emt 0:03:03]} 11. c3 {[%emt 0:02:24]} Nd7 {[%emt 0:01:55]} 12. O-O {[%emt 0:00:40]} e6 {[%emt 0:05:23]} 13. Re1 {[%emt 0:00:36]} Ndf6 {[%emt 0:10:53]} 14. Nf4 {[%emt 0:04:41]} ({Better is} 14. Bc2 $14) 14... g5 {[%emt 0:01:59]} 15. Nh5 {[%emt 0:06:39]} Nxh5 {[%emt 0:08:12]} 16. Rxe4 {[%emt 0:00:05]} Rg8 {[%emt 0:00:50]} 17. d5 {[%emt 0:03:00]} cxd5 {[%emt 0:05:10]} 18. Qxd5 {[%emt 0:04:58]} Bb7 {[%emt 0:09:50]} 19. Rxe6+ {[%emt 0:01:33]} Be7 $2 {[%emt 0:01:56]} (19... Kd8 20. Bxd6 Bxd5 21. Bxc7+ Kxc7 22. Bxd5 fxe6 23. Bxa8 Bc5) 20. Qb5+ {[%emt 0:12:39]} Bc6 {[%emt 0:03:01] [#]} 21. Rxe7+ $1 {[%emt 0:00:28]} Kxe7 {[%emt 0:02:01]} 22. Qe5+ {[%emt 0:01:38]} Kd8 {[%emt 0:06:36]} 23. Rd1 {[%emt 0:04:00]} d5 {[%emt 0:07:06]} 24. Bd6 {[%emt 0:02:01]} Qd7 {[%emt 0:02:50]} 25. Bxd5 {[%emt 0:01:41]} f6 {[%emt 0:05:26]} 26. Qd4 {[%emt 0:12:48]} Re8 {[%emt 0:01:29]} 27. Qb6+ {[%emt 0:00:27] Rg8 Qd4 Qxd6} 1-0

[Event "Emanuel Lasker Open 2017"]
[Site "Gorzow"]
[Date "2017.06.15"]
[Round "4"]
[White "Chyzy, Jakub"]
[Black "Bartnicki, Pawel"]
[Result "1-0"]
[WhiteElo "1838"]
[BlackElo "2078"]
[Annotator "NA RC"]
[PlyCount "109"]
[EventDate "2017.??.??"]
[EventType "swiss"]
[EventCountry "POL"]
[SourceTitle "playchess.com"]
[Source "ChessBase"]
[SourceQuality "1"]
[TimeControl "40/5400+30:1800+30"]

1. e4 {[%emt 0:00:00]} d6 {[%emt 0:01:24]} 2. d4 {[%emt 0:00:04]} g6 {[%emt 0:00:38]} 3. Nc3 {[%emt 0:00:43]} Bg7 {[%emt 0:00:15]} 4. Be3 {[%emt 0:00:34]} c6 {[%emt 0:00:43]} 5. Qd2 {[%emt 0:01:05]} b5 {[%emt 0:02:51]} 6. f3 {[%emt 0:01:34]} Qc7 {[%emt 0:09:13] B06: Modern Defence} (6... Nd7 7. h4 h5 8. Nh3 Ngf6 9. Ng5 Qc7 10. Ne2 Bb7 11. Nf4 O-O 12. Be2 e5 13. dxe5 Nxe5 14. O-O Rad8 15. Rad1 Rfe8 16. Qc1 {0-1 (94) Panarin,M (2555)-Onischuk,V (2591) Khanty-Mansiysk 2013}) 7. g4 {[%emt 0:03:49] LiveBook: 3 Games} h5 {[%emt 0:01:33]} 8. gxh5 $146 {[%emt 0:00:54]} ({Predecessor:} 8. g5 a5 9. a4 b4 10. Nd1 e6 11. c4 bxc3 12. Nxc3 Na6 13. Bxa6 Bxa6 {0-1 (34) Carlsten,P (2038)-Evertsson,L (2200) Stockholm 2014}) 8... Rxh5 {[%emt 0:00:07]} 9. Nge2 {[%emt 0:00:31]} b4 {[%emt 0:02:16]} 10. Na4 {[%emt 0:00:48]} a5 {[%emt 0:00:12]} 11. Ng3 {[%emt 0:02:27]} Rh8 {[%emt 0:03:18]} 12. a3 {[%emt 0:08:16]} ({White should play} 12. O-O-O $14) 12... Qb7 {[%emt 0:16:53]} 13. b3 {[%emt 0:09:44]} bxa3 {[%emt 0:28:21]} 14. Rxa3 {[%emt 0:00:53]} Qb4 {[%emt 0:00:40]} 15. Ra2 {[%emt 0:07:33]} Nd7 {[%emt 0:12:04]} 16. Nb2 {[%emt 0:04:29]} Qxd2+ {[%emt 0:01:25]} 17. Kxd2 {[%emt 0:00:59]} Nb6 {[%emt 0:00:42]} 18. c4 {[%emt 0:03:48]} Bh6 {[%emt 0:01:56]} 19. f4 {[%emt 0:05:25]} Nf6 {[%emt 0:02:41]} 20. Be2 {[%emt 0:02:17]} Ng4 {[%emt 0:05:56]} 21. Bxg4 {[%emt 0:01:09]} Bxg4 {[%emt 0:00:05]} 22. h3 {[%emt 0:00:20]} Bf3 {[%emt 0:01:46]} 23. Rh2 {[%emt 0:01:16]} d5 {[%emt 0:00:40]} 24. c5 {[%emt 0:00:58]} Nd7 {[%emt 0:00:35]} 25. e5 {[%emt 0:00:33]} Nxc5 {[%emt 0:01:15]} 26. dxc5 {[%emt 0:01:36]} d4 {[%emt 0:00:04]} 27. Nc4 {[%emt 0:01:02]} dxe3+ {[%emt 0:00:11]} 28. Kxe3 {[%emt 0:01:04]} Bd1 $2 {[%emt 0:02:08]} (28... Bd5 $15 {keeps the upper hand.}) 29. Nxa5 {[%emt 0:00:56]} g5 {[%emt 0:00:14]} 30. Nf5 {[%emt 0:04:47]} gxf4+ {[%emt 0:00:07]} 31. Ke4 {[%emt 0:00:11]} Rc8 {[%emt 0:02:08]} 32. Rhd2 {[%emt 0:06:17]} Bh5 {[%emt 0:00:14]} 33. Nxc6 {[%emt 0:00:57]} f3 {[%emt 0:01:29]} 34. Nxh6 {[%emt 0:03:26]} Rxh6 {[%emt 0:00:06]} 35. Nd4 {[%emt 0:00:56]} f2 {[%emt 0:00:57]} 36. Rxf2 {[%emt 0:00:57]} Rxc5 {[%emt 0:00:08]} 37. Ra8+ {[%emt 0:01:15]} Kd7 {[%emt 0:00:03]} 38. Ra7+ {[%emt 0:01:49]} Rc7 {[%emt 0:00:55]} 39. Rxc7+ {[%emt 0:01:12]} Kxc7 {[%emt 0:00:02]} 40. Rc2+ {[%emt 0:00:00]} Kb6 {[%emt 0:00:48] [#]} (40... Kb7 $11 41. Kd5 Bg6) 41. Kd5 {[%emt 0:03:49]} ({White should play} 41. Kf4 $1 $16) 41... Kb7 {[%emt 0:07:26]} 42. Rc3 {[%emt 0:01:44]} Rh8 {[%emt 0:02:06]} 43. Nc6 {[%emt 0:02:42]} Rc8 $2 {[%emt 0:12:51]} (43... f6 $14) 44. Na5+ {[%emt 0:01:25]} Kb8 {[%emt 0:00:04]} 45. Rxc8+ {[%emt 0:02:39]} Kxc8 {[%emt 0:00:05]} 46. Nc6 {[%emt 0:00:37]} Kd7 {[%emt 0:00:28]} 47. Nd4 {[%emt 0:01:12]} f6 {[%emt 0:01:39]} 48. e6+ {[%emt 0:00:21]} Kc7 {[%emt 0:00:14]} 49. b4 {[%emt 0:00:44]} Kb6 $18 {[%emt 0:01:46]} 50. h4 {[%emt 0:08:32]} Bg4 {[%emt 0:00:47]} 51. Ke4 {[%emt 0:01:01]} Bd1 {[%emt 0:02:14]} 52. Kf5 {[%emt 0:00:44]} Bh5 {[%emt 0:00:08]} 53. b5 {[%emt 0:05:54]} Kc5 {[%emt 0:01:30]} 54. Nc6 {[%emt 0:00:11]} Kd6 {[%emt 0:00:49]} 55. Nxe7 {Kd5 Ke4+} 1-0